| 000 | 00783nam a2200241Ia 4500 | ||
|---|---|---|---|
| 003 | OSt | ||
| 005 | 20220918190837.0 | ||
| 006 | a|||||r|||| 00| 0 | ||
| 007 | ta | ||
| 008 | 220917b |||||||| |||| 00| 0 eng d | ||
| 024 | _a60,034 | ||
| 037 | _cTextual | ||
| 040 |
_aARTS _cARTS _beng |
||
| 041 |
_2eng _aeng |
||
| 082 | _aQ21:222:9(Y1:1:2):D, K8-;1 | ||
| 100 |
_aDesai Nileshvari Y _973929 |
||
| 245 | 0 |
_aAncient Indian society, religion and mythology as depicted in the Markandeya-Purana _b A critical study |
|
| 260 |
_aBaroda _bUniversity of Baroda India _c1968 |
||
| 490 | _aM S University of Baroda Research series, 1968 | ||
| 650 | _aRELIGION | ||
| 942 |
_hQ21:222:9(Y1:1:2):D, K8-;1 _cTEXL _2CC |
||
| 999 |
_c187056 _d187056 |
||